00922nam a22002417a 450000500170000001000130001702000150003003500130004503700160005804000120007408200150008610000310010124500750013226000640020727000400027130000330031150000510034465000260039565000290042194200240045099900190047495201870049320170124105931.0 aA-689066 a8185195536 aA-935960 bCen Lib/Ret aDPLbEN a328.1bCHA aChaudhuri, Amiya K.986448 aLegislative control over public adminisration /cby Amiya K. Chaudhuri aCulcutta bMinerva associates ( Publication)Pvt. Ltd.c1993 a7-B, Lake Place bCulcutta e700029 aviii;267p. :bill.c20cm(Hb) aIncludes bibliographical references and index. aSocial Science986449 aPolitical Science986450 2ddccENh328.1mCHA c123890d123890 04104070aLbLd2015-06-12eCen Lib/Retg0.00l0o328.1 CHApA-689066r2015-06-12 00:00:00t1v0.00w2016-09-15yENzWritten off on approval by DLB (By Circulation); dtd 15-06-2023